000 00636nam a22002057a 4500
003 BUBTL
008 190528b xxu||||| |||| 00| 0 eng d
020 _a978-81-318-0428-5
082 _a690 / PUB
100 _92178
_aPunmia,B.C.
245 _aBuilding construction /
_cB C Punmia, Ashok Kumar Jain, Arun Kumar Jain
260 _aNew Delhi
_bLaxmi Publications (P) Ltd.,
_cc2012.
300 _axvi, 668 p. :
_bill.;
_c24 cm.
650 0 _92171
_aCivil Engineering
700 _92180
_aJain, Ashok K.
700 _92181
_aJain, Arun K.
856 _k0
_l0
_yDownload
942 _2ddc
_cBK
999 _c6071
_d6071